000 01093nam a22002177a 4500
999 _c10777
_d10777
003 FranzMayer
005 20190827165444.0
008 190823b ||||| |||| 00| 0 eng d
040 _cFranz
050 _aF1230
_b.S65 1732
100 _aSolís y Rivadeneyra, Antonio de
_921538
_d1610-1686
245 _aHistoria de la conquista de México, población y progresos de la América septentrional, conocida por el nombre de Nueva España.
_cescriviala D. Antonio de Solis; dedicada al muy ilustre señor Don Andres Gonzalez de Barcia.
260 _aMadrid
_bImprenta de Bernardo Peralta
_c1732
300 _a[22], 349 p., [15]
_c29 x 20.5 cm.
500 _aIncluye índice de los capítulos que contienen los cinco libros de esta historia e índice de las cosas notables, que se contienen en este libro
500 _aEstado físico: en mal estado, se encuentra en el Área de Restauración. Encuadernación en pergamino
650 _aConquista de México
_928338
651 _aMéxico
_xHistoria
_xConquista, 1519-1540
_9614
700 _aGonzalez de Barcia, Andres
_928339
942 _2lcc
_cB